Quick Pick: Official Country Names Quiz Stats

Quiz Updated Jan 4, 2018

Challenge
Share
Tweet
Embed
Score 0/10 Timer 01:00
3 Plays Today
% Correct
Luxembourg
76.1%
Australia
70.8%
Micronesia
70.1%
Israel
64%
Oman
54%
Sweden
39.7%
Turkey
38.6%
Brunei
35.6%
Saint Christopher (Kitts) and Nevis
32.8%
Papua New Guinea
23.1%

Today's Daily Dose

You're not logged in!

Compare scores with friends on all Sporcle quizzes.
Sign Up with Email
OR
Log In

You Might Also Like...

Show Comments

Extras

Top Quizzes Today


Score Distribution

Your Account Isn't Verified!

In order to create a playlist on Sporcle, you need to verify the email address you used during registration. Go to your Sporcle Settings to finish the process.